| 000 | 01172nam a2200313 i 4500 | ||
|---|---|---|---|
| 003 | EG-ScBUE | ||
| 005 | 20240123141423.0 | ||
| 008 | 170517s2002 ua f b 000000 ara d | ||
| 020 | _a9770908258 | ||
| 040 |
_aEG-ScBUE _bara _erda _cEG-ScBUE _dEG-ScBUE |
||
| 043 | _af-ua--- | ||
| 082 | 0 | 4 |
_a962.052 _bب ش ر _222 |
| 100 | 1 |
_aبشري، طارق، _d1933- _eمؤلف. |
|
| 245 | 1 | 2 |
_aالحركة السياسية في مصر / _cطارق البشري. |
| 246 | 3 | 4 | _aالحركة السياسية في مصر 1945-1953 |
| 250 |
_aالطبعة الثانية، _bجديدة. |
||
| 264 | 1 |
_aالقاهرة : _bدار الشروق، _c2002. |
|
| 300 |
_a678 صفحة ؛ _c24 سم |
||
| 336 |
_2rdacontent _aنص _btxt |
||
| 337 |
_aبدون وسيط _2rdamedia _bn |
||
| 338 |
_aمجلد _bnc _2rdacarrier |
||
| 504 | _aيشتمل على إرجاعات ببليوجرافية. | ||
| 546 | _aالنص باللغة العربية. | ||
| 650 | 7 |
_2BUEsh _aالأحزاب السياسية _zمصر _xتاريخ _yقرن 20. |
|
| 651 | 7 |
_2BUEsh _aمصر _xسياسة وحكومة _xتاريخ _yقرن 20. |
|
| 653 |
_bGGEN _cMay2017 |
||
| 655 | _vReading book | ||
| 942 | _2ddc | ||
| 999 |
_c24866 _d24838 |
||